00723nam a2200229 a 4500001001300000003000900013005001700022008004100039020002300080082001500103100002400118245006600142260005700208300000900265500003500274505001000309650002600319902000800345942000700353952011600360999001700476nice12345678IN_TiNIC20260116014349.0100412s2007 graa grp 000 0 eng  a9780825429835c64500a232.1bBOW aBowman Jr, M Robert aPutting JESUS in His Placeb The Case for the Deity of Christ aGrand Rapids bKregel Academic & Professional c2007 a392p aincludes index and biblioraphy2 aIndex aJesus Christ-Divinity bSRS cBK 001040708StackRoom-aHMIbHMId2010-04-13g645.00l0o232.1 BOWp023267r2010-04-13v645.00w2010-04-12yBK c14997d14997